Type the alfabet - Statistics

General Stats
  • This quiz has been taken 736 times
  • The average score is 25 of 26
Answer Stats
Hint Answer % Correct
...lgeria A
100%
...ulgaria B
99%
...ambodia C
98%
...ominica D
98%
...gypt E
98%
...rance F
97%
The ...ambia G
97%
...ungary H
97%
...ran I
97%
...apan J
97%
...azakhstan K
97%
...ibya L
97%
...ongolia M
96%
...orway N
96%
...man O
95%
...akistan P
95%
...atar Q
93%
...ussia R
93%
...uriname S
93%
...urkey T
93%
...r...g...ay U
93%
...ietnam V
93%
...emen Y
93%
...imbabwe Z
93%
...Estern Sahara W
92%
...injiang X
92%
No matching quizzes found
Score Distribution
Percent of People with Each Score
Percentile by Number Answered
Your Score History
You have not taken this quiz